| 000 | 00506nam a2200169Ia 4500 | ||
|---|---|---|---|
| 008 | 230917s9999||||xx |||||||||||||| ||und|| | ||
| 020 | _cRS 495.00 | ||
| 040 |
_e5014491 _aMAIN |
||
| 041 | _aEnglish | ||
| 082 | _a294.5563092 D33B:S | ||
| 100 | _aDayanand Saraswati | ||
| 245 | 0 | _aSwami Dayanand Saraswati: Prerak Prasang | |
| 260 |
_aNew Delhi _bKalpana Prakashan _c2018 |
||
| 300 | _axvi, 198 p. | ||
| 500 | _a4558 04/03/2022 HBD22/9285 04/03/2022 Centre for Maharishi Danyand Vedic Studi | ||
| 942 | _cBK | ||
| 999 |
_c5618 _d5618 |
||